Music Quiz

Random Music or Album Quiz

Beach Boys Albums Quiz Stats

 Plays Quiz Updated Mar 13, 2020

Support Sporcle.
Go Orange.
Score 0/29 Timer 08:00
0 Plays Today
Year Album % Correct
1966Pet Sounds
89.7%
1963Surfin' USA
71%
1985The Beach Boys
70.2%
1967Smiley Smile
60.8%
1962Surfin' Safari
60.5%
1971Surf's Up
54.2%
1967Wild Honey
48.7%
1963Surfer Girl
48.2%
1970Sunflower
47.6%
2012That's Why God Made The Radio
45.9%
1963Little Deuce Coupe
44.5%
1968Friends
44.3%
196920/20
44.3%
1973Holland
43.7%
1965Summer Days (and Summer Nights!!)
42.7%
Year Album % Correct
1965The Beach Boys Today!
42.2%
1965Beach Boys' Party!
40.1%
1964Shut Down Volume 2
39.8%
1964All Summer Long
37.7%
1972Carl and the Passions - 'So Tough'
37.4%
1977Love You
36%
197615 Big Ones
35%
1979L.A. (Light Album)
33.2%
1989Still Cruisin'
27.4%
1980Keepin' the Summer Alive
25.8%
1978M.I.U. Album
25.4%
1992Summer in Paradise
23.3%
1996Stars and Stripes Vol. 1
22.2%
2018The Beach Boys with the Royal Philharmonic Orchestra
18.5%

From the Vault

ANY Asian Metro (A-Z)

by Unidentifiedkiwi

The best thing about an Asian cities A-Z quiz is that there's no shortage of options for 'X' and 'Q'.
Remove Ads.
Support Sporcle.
Get the best of Sporcle when you Go Orange. This ad-free experience offers more features, more stats, and more fun while also helping to support Sporcle. Thank you for becoming a member.

Show Comments

Extras

Top Quizzes Today


Score Distribution

Your Account Isn't Verified!

In order to create a playlist on Sporcle, you need to verify the email address you used during registration. Go to your Sporcle Settings to finish the process.

Report this User

Report this user for behavior that violates our Community Guidelines.

Details: